Catálogo
 En Linea

La solución de problemas / (Registro nro. 23457)

Detalles MARC
000 -CABECERA
campo de control de longitud fija 01129nam a2200301 a 4500
001 - NÚMERO DE CONTROL
campo de control 000023961
005 - FECHA Y HORA DE LA ÚLTIMA TRANSACCIÓN
campo de control 20200930022613.0
008 - DATOS DE LONGITUD FIJA--INFORMACIÓN GENERAL
campo de control de longitud fija 110117s1994 sp r 001 0 spa d
020 ## - NÚMERO INTERNACIONAL ESTÁNDAR DEL LIBRO
Número Internacional Estándar del Libro 8429459197
040 ## - FUENTE DE LA CATALOGACIÓN
Centro catalogador/agencia de origen DO-SdBNP
Lengua de catalogación spa
Centro/agencia transcriptor BNPHU
082 ## - NÚMERO DE LA CLASIFICACIÓN DECIMAL DEWEY
Número de clasificación xxxxx
Número de documento/Ítem P893s
049 ## - FONDOS LOCALES (OCLC)
Fondos de biblioteca BNGR
100 1# - ENTRADA PRINCIPAL--NOMBRE DE PERSONA
Nombre de persona Pozo Municio, Juan Ignacio
9 (RLIN) 49288
245 13 - MENCIÓN DE TÍTULO
Título La solución de problemas /
Mención de responsabilidad, etc. Juan Ignacio Pozo Municio ; editor Carlos Rodríguez Sierra ; coordinador María del Puy Pérez Echeverría , Jesús Domínguez Castillo , Miguel Ángel Gómez Crespo , Yolanda Postigo Angón.
260 ## - PUBLICACIÓN, DISTRIBUCIÓN, ETC.
Lugar de publicación, distribución, etc. Madrid :
Nombre del editor, distribuidor, etc. Santillana,
Fecha de publicación, distribución, etc. 1994.
300 ## - DESCRIPCIÓN FÍSICA
Extensión 230 p. ;
Dimensiones 22 cm.
490 1# - MENCIÓN DE SERIE
Mención de serie Aula XXI ;
Designación de volumen o secuencia 57
500 ## - NOTA GENERAL
Nota general Incluye bibliografía p. [215-223].
500 ## - NOTA GENERAL
Nota general Incluye índice de autores.
500 ## - NOTA GENERAL
Nota general Incluye índice temático.
500 ## - NOTA GENERAL
Nota general Incluye notas al pie de las páginas.
700 1# - PUNTO DE ACCESO ADICIONAL--NOMBRE DE PERSONA
Nombre de persona Rodríguez Sierra, Carlos,
Término indicativo de función/relación ed.
9 (RLIN) 49289
700 1# - PUNTO DE ACCESO ADICIONAL--NOMBRE DE PERSONA
Nombre de persona Puy Pérez, María del
9 (RLIN) 49290
700 1# - PUNTO DE ACCESO ADICIONAL--NOMBRE DE PERSONA
Nombre de persona Domínguez, Jesús
9 (RLIN) 49291
700 1# - PUNTO DE ACCESO ADICIONAL--NOMBRE DE PERSONA
Nombre de persona Gómez, Miguel Ángel
9 (RLIN) 23560
700 1# - PUNTO DE ACCESO ADICIONAL--NOMBRE DE PERSONA
Nombre de persona Postigo, Yolanda
9 (RLIN) 49292
830 #0 - PUNTO DE ACCESO ADICIONAL DE SERIE-TÍTULO UNIFORME
Título uniforme Aula XXI ;
Número de parte o sección de la obra 57
9 (RLIN) 49293
Existencias
Estado de retiro Estado de pérdida Restricciones de uso No para préstamo Código de colección Localización permanente Ubicación/localización actual Ubicación en estantería Fecha de adquisición Número de inventario Total de préstamos Signatura topográfica completa Código de barras Fecha visto por última vez Precio válido a partir de Tipo de ítem Koha
        Monografías: Libros y Folletos General General En catalogación 17.01.2011 LF1   xxxxx P893s 23961-10 25.06.2020 25.06.2020 Préstamo en sala

Con tecnología Koha